| 000 | 00469nam a2200157Ia 4500 | ||
|---|---|---|---|
| 005 | 20250429083116.0 | ||
| 008 | 240331s9999 xx 000 0 und d | ||
| 020 | _a9789556590986 | ||
| 082 |
_bMAH _a294 |
||
| 100 | _aMaheswaran,V | ||
| 245 | 0 | _aSolar kalaththu koyillum samugamum | |
| 260 |
_aColombo - Chennai _bKumaran Book House _c2008 |
||
| 300 | _axxi, 355 p ., | ||
| 500 | _aSolar kalathuch saivakovilkalin solra kalvedukkalai atharamakak konda Ayvu | ||
| 942 | _cL | ||
| 999 |
_c3573 _d3573 |
||